| 000 | 00449nab a2200145Ia 4500 | ||
|---|---|---|---|
| 003 | ES-SlBCS | ||
| 005 | 20210601132847.0 | ||
| 008 | 140529s1956 xxu||||| |||| 00| 0 ita d | ||
| 041 | _aita | ||
| 100 | 1 |
_aMazzantini, Carlo _9106155 |
|
| 245 | 0 | 0 |
_aIl pensare nella esperienza umana _c Carlo Mazzantini |
| 650 | 0 | 4 |
_aExperiencia Humana-Pensar _9199586 |
| 773 | 0 |
_tGiornali di Metafisica _gvol. 11, nº. 2, 1956, págs. 163-169 _w0017-0372 |
|
| 942 | _cAR | ||
| 999 |
_c586785 _d586785 |
||